000 04602nab a2200373 i 4500
003 BR-BrBNA
005 20241121172230.0
008 241121b2017 bl.mr|pooa||| 00| 0 eng |
040 _aBR-BrBNA
_bpor
072 _aL70
_b8830
072 _aL53
100 _aHollenbach, Clarissa Boemler
100 _aStedile, Rafael
100 _aMello, Fabíola Peixoto da Silva
100 _aBing, Rafaela Scheer
100 _aRosa, Patrícia Pisoni da
100 _aRodrigues, Maria Regina Alves
100 _aMello, Fernanda Bastos de
100 _aZanette, Régis Adriel
100 _aMello, João Roberto Braga de
245 _aPre- and postnatal evaluation of offspring rats exposed to Origanum vulgare essential oil during mating, gestation and lactation
500 _aPublicação on-line; 22 ref.; 2 tables; Sumaries (En, Pt)
520 _a ABSTRACT - Despite the increasing use of oregano (Origanum vulgare L.) essential oil for therapeutic purposes, pre- and postnatal development of animals offspring exposed to this oil has not yet been evaluated. In line with previous concerns of genotoxicity, in this study adult rats were exposed to different doses of oregano essential oil (3, 9 and 27% vol/vol) during pre-mating, mating, gestation and lactation. Prenatal screening included fetal development and uterine inspection, where the reproductive rate of females such as breeding, pregnancy, delivery, viability and post-implantation loss rate were measured. Postnatal evaluation of rat offspring included motor development, neuroendocrine and behavioral assessment. Body weight of rat dams and signs of dystocia were evaluated daily. Development of physic characteristics and reflex tests of puppies were also assessed. Additionally, these rats, when adults, were submitted to sexual and open field behavioral tests. The main differences among the groups were observed in the indices of mating, pregnancy and post-implantation loss (P<0.01). Results demonstrated that the treatment of parental generation with oregano essential oil has the potential to affect the developing fetuses at the highest dose used, but without causing maternal toxicity and changes in general behavior and development of the progeny. Key words: oregano, reproductive toxicity, progeny, reproduction, rats.
520 _a RESUMO - Apesar do aumento do uso do óleo essencial de orégano (Origanum vulgare L.) para fins terapêuticos, o desenvolvimento pré e pós-natal da progênie de animais expostos a este óleo ainda não foi avaliado. Partindo das suspeitas prévias de genotoxicidade desse óleo, neste estudo, ratos Wistar adultos foram expostos a diferentes doses do óleo essencial de orégano (3, 9 e 27% vol/vol) durante o casalamento, a gestação e a lactação. Para a avaliação pré-natal, o desenvolvimento gestacional foi observado e os úteros inspecionados, assim como os índices reprodutivos das fêmeas, como a taxa de acasalamento, de gestação, parto e perdas pós-implantação. Na avaliação pós-natal, observou-se o desenvolvimento motor, neuroendócrino e comportamental da prole. Observou-se, diariamente, o peso das ratas e sinais de distocia. Após o parto, as características de desenvolvimento e testes de reflexos dos filhotes foram avaliadas, enquanto que, na puberdade, foram realizadas análises histopatológicas e dosagem hormonal. Adicionalmente, na idade adulta, esses ratos foram submetidos ao teste de comportamento em campo aberto e ao comportamento sexual. As principais diferenças entre os grupos foram nos índices de acasalamento, de gestação e de perdas pós-implantação (P<0,01). Os resultados demonstram que o tratamento da geração parental com óleo essencial de orégano tem potencial para afetar os índices reprodutivos das ratas e o desenvolvimento dos fetos na maior dose utilizada, mas sem causar toxicidade materna e alterações no desenvolvimento geral e comportamental da sua progênie. Palavras-chave: orégano, toxicidade reprodutiva, progênie, reprodução, ratos.
650 _aANIMAL DE LABORATÓRIO
650 _aORÉGANO
650 _aÓLEO ESSENCIAL
650 _aREPRODUÇÃO ANIMAL
650 _aVETERINÁRIA
773 0 _02408
_9346527
_dSanta Maria-RS Universidade Federal de Santa Maria - Centro de Ciências Rurais 1991
_o2024-7198
_tCiência Rural (Brazil)
_x0103-8478 Versão online ISSN 1678-4596
_gv. 47(1) p. 1 - 6; (2017)
_wBR2024003466
856 _uhttps://www.scielo.br/j/cr/a/GVNDMnVHK7BtY7N4cCY37qP/?format=pdf&lang=en
942 _cANA
999 _c328760
_d328760